书目信息 |
| 题名: |
微机组装与维护教程
|
|
| 作者: | 史秀璋 主编 ;王凤岭 , 吴富锁 编著 | |
| 分册: | ||
| 出版信息: | 北京 电子工业出版社 2003.01 |
|
| 页数: | 260页 | |
| 开本: | 26cm | |
| 丛书名: | 高职高专计算机系列教材 | |
| 单 册: | ||
| 中图分类: | TP36-43 | |
| 科图分类: | ||
| 主题词: | 微型计算机--装配--高等学校--教材 , 微型计算机--维修--高等学校--教材 | |
| 电子资源: | ||
| ISBN: | 7-5053-8031-1 | |
| 000 | 01242nam 2200301 450 | |
| 001 | 0122021822 | |
| 005 | 20050905164151.88 | |
| 010 | @a7-5053-8031-1@dCNY21.00 | |
| 100 | @a20021031d2003 em y0chiy0110 ea | |
| 101 | 0 | @achi |
| 102 | @aCN@b110000 | |
| 105 | @aa a 000yy | |
| 200 | 1 | @a微机组装与维护教程@AWei Ji Zu Zhuang Yu Wei Hu Jiao Cheng@f史秀璋主编@Fshi xiu zhang zhu bian@g王凤岭, 吴富锁编著@Gwang feng ling,wu fu suo bian zhu |
| 210 | @a北京@c电子工业出版社@d2003.01 | |
| 215 | @a260页@c图@d26cm | |
| 225 | 2 | @a高职高专计算机系列教材 |
| 320 | @a有书目 (第260页)。 | |
| 330 | @a本书介绍了计算机硬件的维修和软件的安装及调试的相关知识;详细讲授了最新微机的各个部件的组成,如CPU、主板、内存、显示卡、显示器、软驱、硬盘、光驱、鼠标、键盘、机箱、电源、声卡及计算机的外设等配件的结构、工作原理、型号、选购、硬件的组装等。 | |
| 333 | @a普通高等教育"十五"国家级规划教材 | |
| 410 | 0 | @12001 @a高职高专计算机系列教材 |
| 606 | 0 | @a微型计算机@x装配@x高等学校@x教材 |
| 606 | 0 | @a微型计算机@x维修@x高等学校@x教材 |
| 690 | @aTP36-43@v4 | |
| 701 | 0 | @a史秀璋@Ashi xiu zhang@4主编 |
| 702 | 0 | @a王凤岭@Awang feng ling@4编著 |
| 702 | 0 | @a吴富锁@Awu fu suo@4编著 |
| 801 | 0 | @aCN@bRULIN@c20050905 |
| 905 | @a10447@dTP36-43@eS589 | |
| 微机组装与维护教程/史秀璋主编/王凤岭, 吴富锁编著.-北京:电子工业出版社,2003.01 |
| 260页:图;26cm.-(高职高专计算机系列教材) |
| 使用对象:普通高等教育"十五"国家级规划教材 |
| ISBN 7-5053-8031-1:CNY21.00 |
| 本书介绍了计算机硬件的维修和软件的安装及调试的相关知识;详细讲授了最新微机的各个部件的组成,如CPU、主板、内存、显示卡、显示器、软驱、硬盘、光驱、鼠标、键盘、机箱、电源、声卡及计算机的外设等配件的结构、工作原理、型号、选购、硬件的组装等。 |
| ● |
| 相关链接 |
|
|
|
正题名:微机组装与维护教程
索取号:TP36-43/S589
 
预约/预借
| 序号 | 登录号 | 条形码 | 馆藏地/架位号 | 状态 | 备注 |
| 1 | 529447 | 205294475 | 自科库301/301自科库 62排1列5层/ [索取号:TP36-43/S589] | 在馆 | |
| 2 | 529448 | 205294484 | 自科库301/301自科库 62排1列5层/ [索取号:TP36-43/S589] | 在馆 | |
| 3 | 529449 | 205294493 | 自科二线404/404自科库 15排6列4层/ [索取号:TP36-43/S589] | 在馆 |